Rezervy a opravné položky v účtovníctve podnikateľských subjektov diplomová práca

Guardado en:
Detalles Bibliográficos
Autor principal: Megová, Andrea
Autor Corporativo: Fakulta hospodárskej informatiky EU. Katedra účtovníctva a audítorstva
Otros Autores: Kastlerová, Sylvia
Formato: Libro
Lenguaje:eslovaco
Publicado: Bratislava 2010
Etiquetas: Agregar Etiqueta
Sin Etiquetas, Sea el primero en etiquetar este registro!

MARC

LEADER 00000nam$a2200000$$$4500
001 0119516
005 20240318123331.2
041 0 |a slo 
044 |a SK 
245 1 0 |a Rezervy a opravné položky v účtovníctve podnikateľských subjektov  |b diplomová práca  |c Andrea Megová ; škol. Sylvia Kastlerová 
264 1 |a Bratislava  |c 2010 
300 |a 60 s. 
100 1 |a Megová, Andrea 
700 1 |a Kastlerová, Sylvia 
710 2 |a Fakulta hospodárskej informatiky EU. Katedra účtovníctva a audítorstva